| 000 | 10753nam a22002417a 4500 | ||
|---|---|---|---|
| 005 | 20251007111606.0 | ||
| 010 | _aHIN-130470 | ||
| 020 | _a9788178572024 | ||
| 035 | _aHN-102816 | ||
| 037 |
_bDBAD _a1 |
||
| 082 |
_a821 _21 |
||
| 100 |
_aउदय नारायण _985392 |
||
| 245 |
_aदोहोदय/ _cउदय नारायण _hहिंदी |
||
| 250 | _a1 | ||
| 260 |
_aकानपुर नगर _bउदय नारायण 'उदय' _c2020 |
||
| 270 |
_a55,संजय नगर,नौबस्ता _bकानपुर नगर _e208021 |
||
| 300 |
_a112 पृष्ठ; _c21सेमी(सजिल्द) |
||
| 490 | _a | ||
| 700 | _984043 | ||
| 700 | _984044 | ||
| 700 | _984045 | ||
| 942 |
_2ddc _cHN _h821 _mनाराय |
||
| 999 |
_c213587 _d213587 |
||